000 00627nam a2200217 i 4500
001 88115
003 ES-MaACL
005 20230906175815.0
007 t|
008 050103m19001999sp ||||1| cat d
100 1 _aLagerlöf, Selma.
_969571
245 1 4 _aEls Ingmarsson /
_cSelma Lagerlöf ; traducció de Joan Sitjar.
260 _a[Mallorca :
_bEditorial Catalana,
_c19--?]
300 _a200 p. ;
_c19 cm.
490 1 _aBiblioteca literaria
700 1 _aSitjar, Joan.
_9106705
830 0 _aBiblioteca literaria
_9183370
852 _aES-MaACL
_jG-7703
852 _aES-MaACL
_jG-9635
_bR.47325
999 _c88115
_d88115